000 00576nam a2200169Ia 4500
008 250806s9999||||xx |||||||||||||| ||und||
020 _a9780199277872 (alk. paper)
060 _aQU 26.5
_b.L47 2005
100 _aLesk, Arthur M.
245 0 _aIntroduction to bioinformatics /
_cArthur M. Lesk.
250 _a2nd ed.
260 _aOxford ;;New York :
_bOxford University Press,
_c2005
300 _axviii, 360 p., x p. of plates :
_bill (some col.)
_c25 cm.
504 _aIncludes bibliographical references and index.
650 _aComputational Biology
942 _bDIMC
_cBK
999 _c31344
_d31344